Sociology in India (Record no. 345220)

000 -LEADER
fixed length control field 00348cam a22001217a 4500
008 - FIXED-LENGTH DATA ELEMENTS--GENERAL INFORMATION
fixed length control field 180718b1972 xxu||||| |||| 00| 0 eng d
082 ## - DEWEY DECIMAL CLASSIFICATION NUMBER
Classification number B1084 G959
100 ## - MAIN ENTRY--PERSONAL NAME
Personal name Gupta, Bela Dutt
245 ## - TITLE STATEMENT
Title Sociology in India
Statement of responsibility, etc. by Bela Dutt Gupta
260 ## - PUBLICATION, DISTRIBUTION, ETC.
Place of publication, distribution, etc. Calcutta
Name of publisher, distributor, etc. Centre for Sociological Research
Date of publication, distribution, etc. 1972
300 ## - PHYSICAL DESCRIPTION
Extent 449p.
650 ## - SUBJECT ADDED ENTRY--TOPICAL TERM
Topical term or geographic name entry element Sociology - Research
Holdings
Withdrawn status Lost status Damaged status Not for loan Permanent Location Current Location Date acquired Full call number Barcode Date last seen Price effective from Koha item type
        Indian Institute of Public Administration Indian Institute of Public Administration 1993-10-06 B1084 G959 48845 2018-07-21 2018-07-21 Book

Powered by Koha